000 00359cam a22001337a 4500
008 180718b1955 xxu||||| |||| 00| 0 eng d
082 _aT2531 M474
100 _aMehta, M.M.
245 _aMeasurement of industrial productivity
_cby M.M. Mehta
260 _aCalcutta
_bworld Press
_c1955
300 _a98p.
500 _aRs.6.00
650 _aLabour productivity
999 _c373791
_d373791